Trade with Japan
Shranjeno v:
| Glavni avtor: | |
|---|---|
| Format: | Knjiga |
| Jezik: | Undetermined |
| Izdano: |
Chicago
The University of Chicago
1991
|
| Teme: | |
| Oznake: |
Označite
Brez oznak, prvi označite!
|
| Thư viện lưu trữ: | Trung tâm Học liệu Trường Đại học Cần Thơ |
|---|
| LEADER | 00525nam a2200205Ia 4500 | ||
|---|---|---|---|
| 001 | CTU_97438 | ||
| 008 | 210402s9999 xx 000 0 und d | ||
| 082 | |a 382 | ||
| 082 | |b K94 | ||
| 100 | |a Krugman, Paul | ||
| 245 | 0 | |a Trade with Japan | |
| 245 | 0 | |c Paul Krugman | |
| 260 | |a Chicago | ||
| 260 | |b The University of Chicago | ||
| 260 | |c 1991 | ||
| 650 | |a Industrial policy,Japan | ||
| 650 | |x Commercial policy | ||
| 650 | |z Japan | ||
| 904 | |i Tuyến | ||
| 980 | |a Trung tâm Học liệu Trường Đại học Cần Thơ | ||